| 000 | 00347cam a22001217a 4500 | ||
|---|---|---|---|
| 008 | 180718b1988 xxu||||| |||| 00| 0 eng d | ||
| 082 | _aB12x73 P775 | ||
| 100 | _aPerry, Lewis | ||
| 245 |
_aIntellectual life in America: a history _cby Lewis Perry |
||
| 260 |
_aNew Delhi _bAsian _c1988 |
||
| 300 | _a461p. | ||
| 650 | _aUnited States-Intellectual life | ||
| 999 |
_c493225 _d493225 |
||